New proposals to boost small businesses that support home buyers and sellers (Record no. 114642)
[ view plain ]
| 000 -LEADER | |
|---|---|
| fixed length control field | 01457cam a22002535a 4500 |
| 001 - CONTROL NUMBER | |
| control field | L157183 |
| 008 - FIXED-LENGTH DATA ELEMENTS--GENERAL INFORMATION | |
| fixed length control field | 120914s2012 xxk f 000 0 eng d |
| 035 ## - SYSTEM CONTROL NUMBER | |
| System control number | (Sirsi) u157183 |
| 041 0# - LANGUAGE CODE | |
| Language code of text/sound track or separate title | eng |
| 110 2# - MAIN ENTRY--CORPORATE NAME | |
| Corporate name or jurisdiction name as entry element | United Kindom |
| Subordinate unit | Department for Business, Innovation and Skills |
| 9 (RLIN) | 6110 |
| 245 00 - TITLE STATEMENT | |
| Title | New proposals to boost small businesses that support home buyers and sellers |
| Medium | [electronic resource] |
| 260 ## - PUBLICATION, DISTRIBUTION, ETC. | |
| Place of publication, distribution, etc. | London |
| Name of publisher, distributor, etc. | BIS |
| Date of publication, distribution, etc. | 2012 |
| 490 #0 - SERIES STATEMENT | |
| Series statement | BIS Press Release |
| Volume/sequential designation | 13 September 2012 |
| 520 ## - SUMMARY, ETC. | |
| Summary, etc. | Outlines the Coaltion Government's plans to exempt intermediary agents who host private property sales advertisements but who are not involved in property sales from the Estate Agents Act 1979. The Property Misdescriptions Act 1991, which has been superseded to a great extent by the Consumer Protection from Unfair Trading Regulations 2008 and Business Protection from Misleading Advertising Regulations 2008, will be repealed. |
| 590 ## - LOCAL NOTE (RLIN) | |
| Local note | KA |
| 650 24 - SUBJECT ADDED ENTRY--TOPICAL TERM | |
| Topical term or geographic name entry element | ESTATE AGENTS ACT 1979 |
| 650 24 - SUBJECT ADDED ENTRY--TOPICAL TERM | |
| Topical term or geographic name entry element | PROPERTY MISDESCRIPTIONS ACT 1991 |
| 650 24 - SUBJECT ADDED ENTRY--TOPICAL TERM | |
| Topical term or geographic name entry element | CONSUMER PROTECTION FROM UNFAIR TRADING REGULATION 2008 |
| 650 24 - SUBJECT ADDED ENTRY--TOPICAL TERM | |
| Topical term or geographic name entry element | BUSINESS PROTECTION FROM MISLEADING MARKETING REGULATIONS 2008 |
| 651 #4 - SUBJECT ADDED ENTRY--GEOGRAPHIC NAME | |
| Geographic name | UNITED KINGDOM |
| 690 ## - LOCAL SUBJECT ADDED ENTRY--TOPICAL TERM (OCLC, RLIN) | |
| Topical term or geographic name as entry element | Sales |
| 9 (RLIN) | 6269 |
| 856 40 - ELECTRONIC LOCATION AND ACCESS | |
| Uniform Resource Identifier | <a href="https://news.bis.gov.uk/Press-Releases/New-proposals-to-boost-small-businesses-that-support-home-buyers-and-sellers-68006.aspx">https://news.bis.gov.uk/Press-Releases/New-proposals-to-boost-small-businesses-that-support-home-buyers-and-sellers-68006.aspx</a> |
| Public note | View the item free of charge from the www.bis.gov.uk website. |
| 942 ## - ADDED ENTRY ELEMENTS (KOHA) | |
| Suppress in OPAC | 0 |
| Withdrawn status | Lost status | Source of classification or shelving scheme | Damaged status | Not for loan | Home library | Current library | Shelving location | Date acquired | Total Checkouts | Full call number | Barcode | Date last seen | Copy number | Price effective from | Koha item type |
|---|---|---|---|---|---|---|---|---|---|---|---|---|---|---|---|
| Dewey Decimal Classification | Virtual | Virtual | Online | 14/09/2012 | ONLINE PUBLICATION | 157183-2001 | 06/08/2019 | 1 | 06/08/2019 | Book |